Report of the Trilateral Worshop on lanternfish in the gulf of Oman, Muscat, Oman, 7 - 9 May 2001

Gorde:
Xehetasun bibliografikoak
Formatua: Liburua
Hizkuntza:Undetermined
Argitaratua: Rome, Italy FAO 2001
Gaiak:
Etiketak: Etiketa erantsi
Etiketarik gabe, Izan zaitez lehena erregistro honi etiketa jartzen!
Thư viện lưu trữ: Trung tâm Học liệu Trường Đại học Cần Thơ
LEADER 00472nam a2200157Ia 4500
001 CTU_49900
008 210402s9999 xx 000 0 und d
082 |a 338.3727 
082 |b R425 
245 0 |a Report of the Trilateral Worshop on lanternfish in the gulf of Oman, Muscat, Oman, 7 - 9 May 2001 
260 |a Rome, Italy 
260 |b FAO 
260 |c 2001 
650 |a fisheries 
650 |x economic aspects 
980 |a Trung tâm Học liệu Trường Đại học Cần Thơ